00546nam a22001457a 450000500170000000800410001702000180005804000100007608200200008610000290010624500680013526000430020330000210024665001330026720260218130027.0260218b |||||||| |||| 00| 0 eng d a9789393875082 cVITAP 223a294.535 SRI aSrinivasan, Raghuvir Ed. aTirumalab: The Seven Hills of Salvationc/ Raghuvir Srinivasan aChennaibTHG Publishing Pvt Ltd.c2023 a136p, ill.: 28cm 0aMythological Origins, Religious Significance, Temple History, Architecture & Art, Rituals & Festivals, Pilgrimage Practices etc.